Movies Quiz

Random Movies or Actress Quiz
Score 0/10 Timer 03:00
0 Plays Today
Position Actress % Correct
2Trisha
87.6%
1Anushka
86.9%
4Kajal Agarwal
84.1%
9Samantha
82.9%
3Nayanthara
47.1%
8Tamanna
45%
5Hansika
33.7%
10Shruthi Haasan
27.3%
7Amala Paul
23%
6Ileana
16.8%

You're not logged in!

Compare scores with friends on all Sporcle quizzes.
OR
Log In

Sporcle TV

Today on Sporcle TV


Watch our educational content, quiz creation guides, and fun videos on Sporcle TV.

Show Comments

Extras

Top Quizzes Today


Score Distribution

Paid Content

Your Account Isn't Verified!

In order to create a playlist on Sporcle, you need to verify the email address you used during registration. Go to your Sporcle Settings to finish the process.

Report this User

Report this user for behavior that violates our Community Guidelines.

Details: